Loading...
Word power
| Format: | Printed Book |
|---|---|
| Language: | English |
| Published: |
London :
Reader's Digest Association ,
c1967.
|
| LEADER | 00412nam a22001217a 4500 | ||
|---|---|---|---|
| 008 | 170627b xxu||||| |||| 00| 0 eng d | ||
| 082 | |a 428 REA/W | ||
| 245 | |a Word power | ||
| 260 | |a London : |b Reader's Digest Association , |c c1967. | ||
| 300 | |b 128p. | ||
| 942 | |c BK | ||
| 999 | |c 200984 |d 200984 | ||
| 952 | |0 0 |1 0 |4 0 |6 428_000000000000000_REA_W |7 0 |9 222445 |a ENG |b ENG |c ST1 |d 2017-06-27 |i 936 |l 0 |o 428 REA/W |p ENG936 |r 2017-06-27 |w 2017-06-27 |y BK | ||